Normal view
MARC view
- Guide Name:Gawande Swapnil
Entry Personal Name
001 - CONTROL NUMBER
- control field: 210960
003 - CONTROL NUMBER IDENTIFIER
- control field: OSt
005 - DATE AND TIME OF LATEST TRANSACTION
- control field: 20250110171815.0
008 - FIXED-LENGTH DATA ELEMENTS
- fixed length control field: 250110|| aca||aabn | a|a d
040 ## - CATALOGING SOURCE
- Original cataloging agency: OSt
- Transcribing agency: OSt
100 ## - HEADING--PERSONAL NAME
- Personal name: Guide Name:Gawande Swapnil
670 ## - SOURCE DATA FOUND
- Source citation: Work cat.: (OSt)364590: Kudale Pranjal 184173, System Design Of Predictive Moodelling For Adding In Liveability In Post Metro Vertical City : A Case Of Pune City, 2021